000
00313nam a2200133Ia 4500
005
20260328101441.0
008
260328s9999||||xx |||||||||||||| ||und||
100
_a
Moneo, Rafael
245
0
_a
Cruz / Ortiz /
_c
Rafael Moneo
260
_b
Tanais Ediciones
300
_a
175 p.
650
_a
ARQUITECTOS
942
_c
BK
999
_c
8278
_d
8278